000 00724nam a2200289Ia 4500
005 20260324112637.0
008 008 260324s9999 xx 000 0 eng d
020 _a9781032686783
037 _aEBOOK
040 _aCRL
040 _beng
040 _cCRL
041 _2eng
041 _aeng
084 _qCRL
100 _aDavid A. Joyner
_91143555
245 2 _aA Teacher’s Guide to Conversational AI
245 0 _bEnhancing Assessment, Instruction, and Curriculum with Chatbots
260 _bTaylor and Francis
260 _c2024
365 _a
365 _b230
856 _uhttp://www.taylorfrancis.com/books/9781032686783
942 _cEBOOK
999 _c1732842
_d1732842